书目信息 |
| 题名: |
生物信息学
|
|
| 作者: | 陶士珩 主编 | |
| 分册: | ||
| 出版信息: | 北京 科学出版社 2007.8 |
|
| 页数: | 270页 | |
| 开本: | 26cm | |
| 丛书名: | ||
| 单 册: | ||
| 中图分类: | Q811.4 | |
| 科图分类: | ||
| 主题词: | 生物信息论--高等教育--教材 , 生物信息论 | |
| 电子资源: | ||
| ISBN: | 978-7-03-019771-9 | |
| 000 | 00873nam0 2200253 45 | |
| 001 | 1356828312 | |
| 005 | 20130515095021.51 | |
| 010 | @a978-7-03-019771-9@dCNY28.00 | |
| 100 | @a20130108e20092007ekmy0chiy0120 ea | |
| 101 | 0 | @achi |
| 102 | @aCN@b110000 | |
| 105 | @ay z 000yy | |
| 106 | @ar | |
| 200 | 1 | @a生物信息学@ASheng Wu Xin Xi Xue@f陶士珩主编@FTao Shi Hang Zhu Bian |
| 210 | @a北京@c科学出版社@d2007.8@h2009.6 | |
| 215 | @a270页@d26cm | |
| 300 | @a普通高等教育“十一五”规划教材 | |
| 330 | @a本书主要涉及生物信息数据库、序列比对、分子系统发育分析、基因组学与基因预测、蛋白质结构与功能预测、转录组与蛋白质组分析以及Perl语言在生物信息学中的应用等内容。 | |
| 606 | 0 | @a生物信息论@x高等教育@j教材 |
| 606 | 0 | @a生物信息论 |
| 690 | @aQ811.4@v5 | |
| 701 | 0 | @a陶士珩@ATao Shi Hang@4主编 |
| 801 | @aCN@bTANGWEI@c20130108 | |
| 905 | @b0830141-45@dQ811.4@e168@f5 | |
| 生物信息学/陶士珩主编.-北京:科学出版社,2007.8(2009.6) |
| 270页;26cm |
| 普通高等教育“十一五”规划教材 |
| ISBN 978-7-03-019771-9:CNY28.00 |
| 本书主要涉及生物信息数据库、序列比对、分子系统发育分析、基因组学与基因预测、蛋白质结构与功能预测、转录组与蛋白质组分析以及Perl语言在生物信息学中的应用等内容。 |
| ● |
| 相关链接 |
|
|
|
|
正题名:生物信息学
索取号:Q811.4/168
 
预约/预借
| 序号 | 登录号 | 条形码 | 馆藏地/架位号 | 状态 | 备注 |
| 1 | 0830141 | 208301416 | 第二样本阅览室/ [索取号:Q811.4/168] | 在馆 | |
| 2 | 0830142 | 208301425 | 第三借阅区/ [索取号:Q811.4/168] | 在馆 | |
| 3 | 0830143 | 208301434 | 第三借阅区/ [索取号:Q811.4/168] | 在馆 | |
| 4 | 0830144 | 208301443 | 第三借阅区/ [索取号:Q811.4/168] | 在馆 | |
| 5 | 0830145 | 208301452 | 第三借阅区/ [索取号:Q811.4/168] | 在馆 |